Statistics for Asian Physical Geography by Picture

Click here to take the quiz!

General Stats

  • This quiz has been taken 101 times
  • The average score is 11 of 18

Answer Stats

Answer % Correct
Mount Everest
99%
Sri Lanka
98%
{Gobi} Desert
96%
Dead Sea
95%
Cyprus
94%
Mount Fuji
91%
Korea
90%
Lake Baikal
86%
{Aral} Sea
77%
{Ganges} Delta
68%
Tundra
59%
Mesopotamia
49%
Socotra
38%
{Ha} {Long} Bay
32%
Kuril Islands
16%
Cappadocia
14%
{James} {Bond} Island
12%
Shilin
1%

Score Distribution

Percentile by Number Answered

Percent of People with Each Score

Your Score History

You have not taken this quiz